Operations Management

Gespeichert in:
Bibliographische Detailangaben
1. Verfasser:  Stevenson, William J
Format: Sách
Sprache:Undetermined
Veröffentlicht:  McGraw-Hill Irwin  2009
Schlagworte:
Tags: Tag hinzufügen
Keine Tags, Fügen Sie den ersten Tag hinzu!
Thư viện lưu trữ: Trung tâm Thư viện - Trường Đại học Công nghiệp TP. Hồ Chí Minh
LEADER 00485nam a2200157Ia 4500
001 UIH_05702
008 231011s9999 xx 000 0 und d
082 |a  658.5 
100 |a  Stevenson, William J 
245 0 |a  Operations Management 
245 0 |c  Stevenson, William J 
260 |b  McGraw-Hill Irwin 
260 |c  2009 
650 |a  Quản trị sản xuất;  
927 |a Sách 
980 |a Trung tâm Thư viện - Trường Đại học Công nghiệp TP. Hồ Chí Minh